Fortalecer la familia: manual para trabajar con padres
Guardat en:
| Autors principals: | , |
|---|---|
| Format: | Llibre |
| Idioma: | espanyol |
| Publicat: |
Santiago
Andrés Bello
1995
|
| Edició: | 1a. ed |
| Matèries: | |
| Etiquetes: |
Afegir etiqueta
Sense etiquetes, Sigues el primer a etiquetar aquest registre!
|
MARC
| LEADER | 00000nam a2200000 a 4500 | ||
|---|---|---|---|
| 001 | UCZ7209 | ||
| 003 | CL-VaPUC | ||
| 005 | 20240823125052.0 | ||
| 008 | 951228e19950000CL |||||||||||||||||spa|d | ||
| 999 | |c 243317 |d 243315 | ||
| 020 | |a 9561313359 | ||
| 040 | |c Pontificia Universidad Católica de Valparaíso | ||
| 082 | 0 | 4 | |a 306.85 FUH 1995 |b |2 21 |
| 100 | |a Fuhrmann, Ingeburg |e autor |9 351976 | ||
| 245 | 1 | 0 | |a Fortalecer la familia: manual para trabajar con padres |
| 250 | |a 1a. ed | ||
| 260 | |a Santiago |b Andrés Bello |c 1995 | ||
| 300 | |a 515 p | ||
| 583 | |a last modification |c 19951228 00:00:00 |k Rodrigo Vera | ||
| 650 | 0 | |a Familias |9 255641 |x Orientación profesional |v Aspectos psicológicos | |
| 650 | 0 | |a Psicoterapia familiar |9 310747 |v Manuales |x Hijos y padres | |
| 650 | 0 | |a Armonía familiar |9 890804 |v Guía de ejercicios | |
| 700 | 0 | |a Chadwick Weinstein, Mariana |e author |9 351977 | |
| 942 | |c BK |2 ddc | ||
| 945 | |d 19951228 00:00:00 |a rleighto | ||
| 952 | |0 0 |1 0 |2 ddc |4 0 |6 646_780000000000000_FUH_1995 |7 0 |8 A |9 256888 |a BIBEDU |b BIBEDU |d 2019-11-19 |i 3164306 |o 646.78 FUH 1995 |p 3164306 |r 2019-11-19 |w 2019-11-19 |y BK |k EDU | ||
| 952 | |0 0 |1 0 |2 ddc |4 0 |6 646_780000000000000_FUH_1995 |7 0 |8 A |9 256889 |a BIBEDU |b BIBEDU |d 2019-11-19 |i 3231135 |o 646.78 FUH 1995 |p 3231135 |r 2019-11-19 |w 2019-11-19 |y BK |k EPE | ||
| 952 | |0 0 |1 0 |2 ddc |4 0 |6 646_780000000000000_FUH_1995 |7 0 |8 A |9 256890 |a BIBEDU |b BIBEDU |d 2019-11-19 |i 3231143 |o 646.78 FUH 1995 |p 3231143 |r 2019-11-19 |w 2019-11-19 |y BK |k EPE | ||
| 952 | |0 0 |1 0 |2 ddc |4 0 |6 646_780000000000000_FUH_1995 |7 0 |8 A |9 256891 |a BIBGIM |b BIBGIM |d 2019-11-19 |i 3303292 |o 646.78 FUH 1995 |p 3303292 |r 2025-01-15 |w 2019-11-19 |y BK |k SSL | ||
| 952 | |0 0 |1 0 |2 ddc |4 0 |6 646_780000000000000_FUH_1995 |7 0 |8 A |9 256892 |a BIBEDU |b BIBEDU |d 2019-11-19 |i 3829650 |o 646.78 FUH 1995 |p 3829650 |r 2019-11-19 |w 2019-11-19 |y BK |k EPE | ||